French Car Brands - Statistics

General Stats
  • This quiz has been taken 207 times
  • The average score is 7 of 12
Answers on the Grid
Answers color-coded by a green-red scale on the quiz's grid according to % correct below.
Bugatti
Seat
Hommell
Talbot
Subaru
Aixam
Peugeot
Jensen
Citroёn
Infiniti
Chevrolet
Ligier
Delage
Renault
Porsche
Alpine
Ginetta
Berliet
Microcar
Kia
Lotus
 
Answer Stats
Answer % Correct
Citroёn
86%
Peugeot
86%
Renault
76%
Bugatti
72%
Alpine
63%
Ligier
56%
Delage
51%
Berliet
49%
Aixam
48%
Talbot
47%
Hommell
38%
Microcar
31%
No matching quizzes found
Score Distribution
Percent of People with Each Score
Percentile by Number Answered
Your Score History
You have not taken this quiz